000 00758cam a22002653a 4500
001 1093
003 PGUSA
005 20140828082956.0
008 971101s1997||||xxu|||||s|||||000 1 eng d
040 _aPGUSA
_beng
042 _adc
050 4 _aPS
100 1 _aJames, Henry,
_d1843-1916
245 1 4 _aThe Beast in the Jungle
_h[electronic resource] /
_cHenry James
260 _bProject Gutenberg,
_c1997
506 _aPublic domain in the USA.
516 _aElectronic text
653 _aMan-woman relationships -- Fiction
653 _aEgoism -- Fiction
653 _aConduct of life -- Fiction
653 _aFate and fatalism -- Fiction
830 0 _aProject Gutenberg
_v1093
856 4 0 _uhttp://www.gutenberg.org/ebooks/1093
942 _cEB
999 _c230441
_d230441